| 000 | 01367nam1a2200301 i 4500 | ||
|---|---|---|---|
| 001 | RU\NLR\bibl\140774 | ||
| 005 | 20260405140901.0 | ||
| 035 | _a(NLR Aleph) 000137905 | ||
| 090 |
_a788693 _c788693 |
||
| 100 | _a20010319g19 9999u y0rusy50 ca | ||
| 101 | 0 | _arus | |
| 102 | _aRU | ||
| 105 | _ay ||||||||| | ||
| 200 | 1 |
_aПолитология _eКурс лекций _fЮ.Н. Дорожкин, Э.С. Гареев, Р.В. Габдулхаков и др. _gПод общ. ред. профессоров Ю.Н. Дорожкина и А.А. Ахмадеева _gГоском. Рос. Федерации по высш. образованию, Уфим. гос. нефт. техн. ун-т |
|
| 210 |
_aУфа _cИзд-во УГНТУ _d1996 |
||
| 215 | _d20 | ||
| 463 | 0 | _1001139621 | |
| 606 |
_aПолитология _jРуководства, пособия и т.п. _91294414 _3RU\NLR\auth\66217824 |
||
| 606 |
_aПолитология _jУчебные издания _91294414 _3RU\NLR\auth\66217824 |
||
| 686 | _aФ01я7 | ||
| 701 | 1 |
_4070 _8rus _7ca _aДорожкин _bЮ. Н. _gЮрий Николаевич _3RU\NLR\auth\7757048 _939980 |
|
| 701 | 1 |
_aГареев _bЭ. С. _4070 |
|
| 701 | 1 |
_aГабдулхаков _bР. В. _4070 |
|
| 801 | 0 |
_aRU _bNLR _c20010319 _gPSBO |
|
| 801 | 1 |
_aRU _bNLR _c20010319 |
|
| 852 |
_aNLR _j2001-3/1289 |
||
| 942 | _cBOOK | ||